Temporal - Face endocraniana - Statistics

Estatísticas Gerais
  • Esse quiz foi jogado 15 vezes
    13 desde o último reset
  • A pontuação média é 6 de 14
Estatísticas das Respostas
Hint Porção/Face Resposta % Correto
6 Petrosa/Ântero-superior Eminência arqueada
60%
2 Margem circunferencial Fissura petro-escamosa
60%
5 Petrosa/Ântero-superior Impressão do trigémio
60%
12 Petrosa/Póstero-superior Meato acústico interno
60%
1 Escamosa/Endocraniana Sulcos vasculares
60%
7 Petrosa/Ântero-superior Tegmen do tímpano
60%
14 Petrosa/Póstero-superior Abertura externa do aqueduto do vestíbulo
40%
13 Petrosa/Póstero-superior Fossa subarqueada
40%
15 Petrosa/Póstero-superior Fossula ungueal
40%
8 Petrosa/Ântero-superior Hiato do canal do nervo petroso maior
40%
17 Mastóide/Endocraniana Sulco sigmoide
40%
9 Petrosa/Ântero-superior Hiato do canal do nervo petroso menor
20%
4 Petrosa/Ápice Abertura superior do canal carótico
0%
16 Petrosa/Margem superior Sulco do seio petroso superior
0%
Nenhum quiz correspondente encontrado
Distribuição das Pontuações
Porcentagem de Pessoas com Cada Pontuação
Percentil de Números Respondidos
Sua Pontuação Histórica
Você não jogou esse quiz desde o último reset